[Event "CRO-chT"]
[Site "Makarska"]
[Date "1994.??.??"]
[Round "8"]
[White "Petek Medic, Mirjana"]
[Black "Breljak, Branka"]
[Result "1-0"]
[WhiteElo "2285"]
[BlackElo "2115"]

1.Nf3 d5 2.c4 c6 3.cxd5 cxd5 4.d4 Nf6 5.Nc3 e6 6.Bf4 Bd6 7.e3 Bxf4 8.exf4 Nc6
9.Bb5 Qb6 10.O-O O-O 11.Bxc6 Qxc6 12.Ne5 Qe8 13.Rc1 Bd7 14.Re1 Rc8 15.Re2 Qe7
16.Rec2 Qd6 17.h3 Bc6 18.a3 Nd7 19.Nb5 Qb8 20.Rxc6 bxc6 21.Nxd7 Qxb5 22.Nxf8 Kxf8
23.b4 g6 24.Rc5 Qb6 25.Qc1 a6 26.f5 exf5 27.Rxd5 cxd5 28.Qxc8+ Kg7 29.Qc3 Qb5
30.Qb3 Qc4 31.Qxc4 dxc4 32.Kf1 Kf6 33.Ke2 Ke6 34.Kd2 Kd5 35.Kc3 h5 36.a4 g5
37.a5 f4 38.b5 axb5 39.a6  1-0

[Event "Mar del Plata op"]
[Site "Mar del Plata"]
[Date "1994.??.??"]
[Round "2"]
[White "Panno, Oscar"]
[Black "Gil, Ramon"]
[Result "1-0"]
[WhiteElo "2520"]
[BlackElo "2245"]

1.Nf3 d5 2.c4 c6 3.e3 Nf6 4.Nc3 a6 5.d4 b5 6.cxd5 cxd5 7.Ne5 e6 8.Bd3 Be7
9.f4 Bb7 10.Qf3 Nbd7 11.O-O b4 12.Na4 g6 13.Bd2 Ne4 14.Be1 Qa5 15.b3 Nb6
16.a3 Nxa4 17.axb4 Qb6 18.Rxa4 Rb8 19.b5 axb5 20.Ba5 Qa6 21.Raa1 Ra8 22.Qe2 Nd6
23.Bc3 Qb6 24.Bb4 f6 25.Bc5 Qd8 26.Bxb5+ Kf8 27.Nc6 Bxc6 28.Bxc6 Rxa1 29.Rxa1 Qc7
30.Ra8+ Kg7 31.Rxh8 Kxh8 32.Qa6 Nf5 33.Kf2 Bxc5 34.dxc5 d4 35.Qa8+ Kg7 36.Qb7 dxe3+
37.Ke1 Qxb7 38.Bxb7 Kf7 39.c6 Ke7 40.c7 Kd7 41.c8=Q+  1-0

[Event "Marbach"]
[Site "Marbach"]
[Date "1994.??.??"]
[Round "?"]
[White "Schmitt, Axel"]
[Black "Kveinys, Aloyzas"]
[Result "1/2-1/2"]
[WhiteElo "2350"]
[BlackElo "2520"]

1.Nf3 d5 2.c4 d4 3.g3 c5 4.Bg2 Nc6 5.O-O e5 6.d3 Nf6 7.e3 Be7 8.exd4 exd4
9.Bf4 Nh5 10.Ne5 Nxf4 11.Nxc6 bxc6 12.Bxc6+ Bd7 13.Bxd7+ Qxd7 14.gxf4 Rb8
15.Qf3 Rxb2 16.Qa8+ Bd8 17.Re1+ Kf8 18.Qd5 Qxd5 19.cxd5 Ba5 20.Rc1 Ke7 21.Na3 Bc3
22.Nc4 Rb4 23.Rab1 Rhb8 24.Rxb4 cxb4 25.Rc2 Kd7 26.Re2 b3 27.axb3 Rxb3 28.d6 Rb1+
29.Kg2 Re1 30.Ra2 a5 31.Nxa5 Bxa5 32.Rxa5 Kxd6 33.Kf3 Rh1 34.Rh5 h6 35.Ke4 Rf1
36.f3 Ke6 37.Re5+ Kf6 38.Ra5 Rf2 39.h4 g6 40.h5 gxh5 41.Rxh5 Kg6 42.Rh3 Re2+
43.Kxd4 Re8 44.Kd5 Rd8+ 45.Ke5 Re8+ 46.Kd5 Rd8+ 47.Ke5 Re8+ 48.Kd4 h5 49.f5+ Kg5
50.Kd5 Rd8+ 51.Ke5 h4 52.d4 Re8+ 53.Kd6 Rd8+  1/2-1/2

[Event "Marbach"]
[Site "Marbach"]
[Date "1994.??.??"]
[Round "?"]
[White "Schmitt, Axel"]
[Black "Huber, Armin"]
[Result "1-0"]
[WhiteElo "2350"]
[BlackElo "2305"]

1.Nf3 d5 2.c4 e6 3.g3 Nf6 4.Bg2 Be7 5.O-O O-O 6.d4 b6 7.Nc3 Bb7 8.Ne5 Nbd7
9.cxd5 Nxe5 10.d6 Nc6 11.dxe7 Qxe7 12.Bg5 Rfd8 13.e3 Na5 14.Ne4 Bxe4 15.Bxe4 Rac8
16.Bxf6 Qxf6 17.b4 Nc4 18.Qc2 Nd6 19.Bxh7+ Kh8 20.Bd3 e5 21.dxe5 Qxe5 22.Ba6 c5
23.Bxc8 Rxc8 24.bxc5 Rxc5 25.Qa4 Ne4 26.Rad1  1-0

[Event "Maribor Pirc"]
[Site "Maribor"]
[Date "1994.??.??"]
[Round "11"]
[White "Gostisa, Leon"]
[Black "Jelen, Iztok"]
[Result "1/2-1/2"]
[WhiteElo "2410"]
[BlackElo "2385"]

1.Nf3 d5 2.c4 e6 3.d4 c5 4.cxd5 exd5 5.g3 Nc6 6.Bg2 Nf6 7.O-O Be7 8.Nc3 O-O
9.Bg5 cxd4 10.Nxd4 h6 11.Bf4 Bg4 12.h3 Be6 13.Nxe6 fxe6 14.e4 d4  1/2-1/2

[Event "Wch U20"]
[Site "Matinhos"]
[Date "1994.??.??"]
[Round "?"]
[White "Fancsy, Imre"]
[Black "Sergejev, Roman"]
[Result "1/2-1/2"]
[WhiteElo "2400"]
[BlackElo "2310"]

1.Nf3 d5 2.c4 c6 3.g3 Nf6 4.Bg2 Bf5 5.cxd5 cxd5 6.Qb3 Qc8 7.Nc3 e6 8.d3 Nc6
9.O-O Be7 10.Bf4 Qd7 11.e4 dxe4 12.dxe4 Nxe4 13.Nxe4 Bxe4 14.Ne5 Bd5 15.Nxd7 Bxb3
16.Bxc6 bxc6 17.axb3 Kxd7 18.Rfd1+ Ke8 19.Ra6 Bc5 20.Rxc6 Bb6 21.Bc7 Rc8
22.Bxb6 Rxc6 23.Rd8+ Ke7 24.Rxh8 Rxb6 25.Rxh7 g5 26.Rh8 Rxb3 27.Ra8 Rb7 28.h4 Kf6
29.hxg5+ Kxg5 30.Rc8 Kf5 31.Rc2 Ke4 32.Rd2 f5 33.Kg2 a5 34.Re2+ Kd5 35.Kf3 Rb3+
36.Kf4 Rb4+ 37.Kg5 Rb6 38.Kf6 a4 39.Re5+ Kc4 40.Re2 Kd3 41.Re3+ Kc2 42.Re2+ Kd1
43.Re5 Rxb2 44.Ra5 Rb4 45.Kxe6 f4 46.gxf4 Rxf4 47.Ke5 Rxf2 48.Rxa4  1/2-1/2

[Event "Melbourne"]
[Site "Melbourne"]
[Date "1994.??.??"]
[Round "10"]
[White "Sandler, Leonid"]
[Black "Chapman, Mark"]
[Result "1-0"]
[WhiteElo "2315"]
[BlackElo "2360"]

1.Nf3 d5 2.c4 e6 3.d4 c5 4.e3 Nc6 5.Nc3 Nf6 6.a3 a6 7.b3 Be7 8.Be2 Ne4 9.Bb2 Bf6
10.Nxe4 dxe4 11.Ne5 Bd7 12.O-O O-O 13.Qc2 Bxe5 14.dxe5 Qh4 15.Rfd1 Rad8 16.g3 Qh3
17.Qxe4 Na5 18.Bf1 Qh5 19.Qc2 Bc6 20.Bg2 Bf3 21.Rd6 Nc6 22.Bxf3 Qxf3 23.Rad1 h5
24.h4 b5 25.cxb5 axb5 26.Qxc5 Qxd1+ 27.Rxd1 Rxd1+ 28.Kg2 Rc8 29.Bd4 Rd2 30.Qc1 Re2
31.Kf1 g6 32.Bb2 Ne7 33.Qxc8+ Nxc8 34.Kxe2 Na7 35.a4 bxa4 36.bxa4 Kf8 37.Kd3 Ke8
38.Kc4 Kd7 39.Bd4 Nc6 40.Kb5 Kc7 41.a5 Ne7 42.Bb6+ Kb7 43.a6+ Kb8 44.e4 g5
45.hxg5 Ng6 46.Bd4 h4 47.gxh4 Nxh4 48.Be3 Nf3 49.Bf4 Ne1 50.Kc6 Nd3 51.Bg3 Ka7
52.f3 Kxa6 53.Kd6 Nc1 54.Ke7 Ne2 55.Bf2  1-0

[Event "Mlada Boleslav op"]
[Site "Mlada Boleslav"]
[Date "1994.??.??"]
[Round "8"]
[White "Jurek, Josef"]
[Black "Trefny, Vlastimil"]
[Result "0-1"]
[WhiteElo "2285"]
[BlackElo "2300"]

1.Nf3 d5 2.c4 dxc4 3.e3 Nc6 4.Bxc4 e5 5.Nc3 Bc5 6.a3 Nf6 7.b4 Bd6 8.Qb3 O-O
9.Ng5 Qe7 10.h4 Bf5 11.f3 e4 12.g4 Nd4 13.exd4 exf3+ 14.Kf1 Bxg4 15.Rg1 Rae8
16.Bb2 Qd7 17.Bxf7+ Kh8 18.Rh1 Qf5 19.Qc4 Nh5 20.Bxh5 Bxh5 21.Nd5 Re2 22.Ne3 Qf4
23.Rh3 Bg4 24.Rh1 Qg3 25.Nf7+ Rxf7 26.Qxf7 Qf2+  0-1

[Event "Mlada Boleslav op"]
[Site "Mlada Boleslav"]
[Date "1994.??.??"]
[Round "9"]
[White "Freisler, Pavel"]
[Black "Landa, Konstantin"]
[Result "1-0"]
[WhiteElo "2380"]
[BlackElo "2510"]

1.Nf3 d5 2.c4 d4 3.e3 Nc6 4.exd4 Nxd4 5.Nxd4 Qxd4 6.Nc3 c6 7.d3 Bg4 8.Be2 Nf6
9.Be3 Bxe2 10.Qxe2 Qg4 11.f3 Qd7 12.d4 g6 13.Rd1 Bg7 14.d5 O-O 15.O-O Rfe8
16.Rd2 e5 17.Bg5 Nh5 18.dxc6 Qxc6 19.Nd5 f6 20.Be3 f5 21.Rfd1 Kh8 22.b4 Rac8
23.c5 Re6 24.b5 Qe8 25.Nc7 Rxc7 26.Rd8 Bf8 27.Rxe8 Rxe8 28.Rc1 Rec8 29.c6 bxc6
30.Rxc6 Rxc6 31.bxc6 Rxc6 32.Qb5 Re6 33.Bxa7 Bh6 34.Qd7 Ng7 35.Qf7 Re8 36.Kf1 Bd2
37.Bc5 Rc8 38.Be7 Bh6 39.Bf6 e4 40.f4 Rg8 41.g3  1-0

[Event "Mondariz op"]
[Site "Mondariz"]
[Date "1994.??.??"]
[Round "?"]
[White "Antunes, Antonio"]
[Black "Giorgadze, Giorgi"]
[Result "1/2-1/2"]
[WhiteElo "2510"]
[BlackElo "2565"]

1.Nf3 d5 2.c4 e6 3.g3 g6 4.Bg2 Bg7 5.O-O Ne7 6.d4 Nbc6 7.e3 O-O 8.Nc3 a6
9.cxd5 exd5 10.b3 Qd6 11.Bb2  1/2-1/2

[Event "Moravia-ch op"]
[Site "Moravia"]
[Date "1994.??.??"]
[Round "?"]
[White "Sleich, Jan"]
[Black "Polak, Tomas"]
[Result "0-1"]
[WhiteElo "2160"]
[BlackElo "2410"]

1.Nf3 d5 2.c4 e6 3.g3 Nf6 4.Bg2 Be7 5.O-O O-O 6.b3 b6 7.Bb2 Bb7 8.e3 c5 9.Nc3 dxc4
10.bxc4 Nc6 11.d4 Na5 12.Qe2 cxd4 13.exd4 Rc8 14.Nb5 Rxc4 15.Ne5 Bxg2 16.Nxc4 Nxc4
17.Qxc4 Bxf1 18.Rxf1 Qd7 19.Rc1 Rd8 20.a4 h5 21.Qc7 a6 22.Qxd7 Rxd7 23.Nc7 Bd6
24.Na8 b5 25.Rc6 bxa4 26.Nb6 a3 27.Nxd7 axb2 28.Nxf6+ gxf6 29.Rb6 Ba3 30.Kf1 a5
31.Rb3 a4 32.Rb8+ Kg7 33.Ke2 Bb4  0-1

[Event "Moravia-ch op"]
[Site "Moravia"]
[Date "1994.??.??"]
[Round "?"]
[White "Kriz, Miroslav"]
[Black "Pisk, Petr"]
[Result "1/2-1/2"]
[WhiteElo "2275"]
[BlackElo "2260"]

1.Nf3 d5 2.c4 e6 3.g3 c5 4.Bg2 Nc6 5.O-O Nf6 6.cxd5 exd5 7.d4 Be7 8.dxc5 Bxc5
9.Nbd2 O-O 10.Nb3 Bb6 11.Bg5 Re8 12.e3 Bg4 13.h3 Bf5 14.Nfd4 Be4 15.Nxc6 bxc6
16.Rc1 h6 17.Bxe4 Rxe4 18.Bxf6 Qxf6 19.Rc2 Rd8 20.Kg2 Qd6 21.Qf3 c5 22.Rd1 Re7
23.Nc1 Qe6 24.Rcd2 Red7 25.Ne2 d4 26.exd4 cxd4 27.b3 Rd6 28.Nf4 Qd7 29.Nd3 Rf6
30.Qg4 Qd5+ 31.Kg1 h5 32.Qe2 h4 33.Nf4 Qd6 34.Rd3 Rc8 35.Qg4 Re8 36.Qxh4 Re4
37.Qh5 Rexf4 38.gxf4 Qxf4 39.Rf1 Rg6+ 40.Rg3 Rxg3+ 41.fxg3 Qxg3+ 42.Kh1 g6
43.Qf3 Qc7 44.Qd5 Qe7 45.b4 Kg7 46.a4 a6 47.b5 axb5 48.axb5 f5 49.Rf3 Qe1+
50.Kg2 Qd2+ 51.Rf2  1/2-1/2

[Event "Moscow op"]
[Site "Moscow"]
[Date "1994.??.??"]
[Round "1"]
[White "Donchenko, Anatoly G"]
[Black "Ermenkov, Evgenij"]
[Result "1-0"]
[WhiteElo "2405"]
[BlackElo "2475"]

1.Nf3 d5 2.c4 c6 3.d4 Nf6 4.Qc2 Ne4 5.Nc3 Nxc3 6.bxc3 g6 7.Bf4 Bf5 8.Qb3 Qc8
9.e3 Bg7 10.Rc1 dxc4 11.Bxc4 O-O 12.Ng5 h6 13.Bxf7+ Kh8 14.Be6 Nd7 15.Bxf5 Rxf5
16.Ne6 Nf6 17.Nxg7 Kxg7 18.Be5 Qd7 19.O-O Rf8 20.e4 Rh5 21.f3 Kh7 22.Qc2 Qe6
23.Qb3 Qc8 24.Qa3 Rf7 25.Qxa7 Nd7 26.Bg3 e6 27.Qa3 Nb6 28.c4 Rd7 29.Rfd1 Qd8
30.c5 Nc8 31.Qb3 Qe7 32.Be5 Kg8 33.g4 Rh3 34.Kg2 Rh4 35.Bg3 Kf7 36.d5 cxd5
37.exd5 exd5 38.Bxh4  1-0

[Event "Moscow ol (Women)"]
[Site "Moscow"]
[Date "1994.??.??"]
[Round "3"]
[White "Petek, Francka"]
[Black "Rause, Olita"]
[Result "1/2-1/2"]
[WhiteElo "2025"]
[BlackElo "2360"]

1.Nf3 d5 2.c4 d4 3.d3 c5 4.g3 Nc6 5.Bg2 e5 6.O-O Nf6 7.Re1 Nd7 8.Na3 Be7
9.Bd2 O-O 10.Qc1 h6 11.Nc2 a5 12.e4 Re8 13.Na3 Nf8 14.Nb5 Ng6 15.Rf1 Ra6
16.Ne1 Nb8 17.f4 exf4 18.Bxf4 Bg5 19.Nf3 Bxf4 20.gxf4 Rf6 21.f5 Ne5 22.Nxe5 Rxe5
23.Rf3 Nc6 24.Rg3 Kh7 25.Qd2 Re8 26.Rf1 Ne5 27.Qf4 Bd7 28.a4 Bxb5 29.axb5 b6
30.Rf2 Qe7 31.Bf1 Rg8  1/2-1/2

[Event "Moscow ol (Men)"]
[Site "Moscow"]
[Date "1994.??.??"]
[Round "4"]
[White "Antunes, Antonio"]
[Black "Janjgava, Lasha"]
[Result "1/2-1/2"]
[WhiteElo "2510"]
[BlackElo "2500"]

1.Nf3 d5 2.c4 e6 3.g3 Nf6 4.Bg2 Be7 5.O-O O-O 6.d4 dxc4 7.Ne5 Nc6 8.Nxc6 bxc6
9.Na3 Bxa3 10.bxa3 Ba6 11.Bxc6 Rb8 12.Qa4 Rb6 13.Bd2 Qd6 14.Bf3 Nd5 15.Rfb1 Rfb8
16.Rxb6 Qxb6 17.Rc1 Qxd4 18.Qxa6 Qxd2 19.Qxc4 g6 20.Bxd5 exd5 21.Qxc7 Re8
22.Rc2 Qd1+ 23.Kg2 Rxe2 24.Rxe2 Qxe2 25.Qd8+ Kg7 26.Qxd5 a6 27.a4 h6 28.h4 h5
29.a5 Kg8 30.Qd8+ Kg7 31.Qd4+ Kg8 32.Qc3 Qe4+ 33.Qf3 Qc4 34.Qb7 Qe2 35.Qb1 Qc4
36.Qb8+ Kg7 37.Qe5+ Kg8 38.Qb8+  1/2-1/2

[Event "Moscow ol (Women)"]
[Site "Moscow"]
[Date "1994.??.??"]
[Round "4"]
[White "Gurieli, Nino"]
[Black "Airapetian, SH."]
[Result "1-0"]
[WhiteElo "2395"]
[BlackElo "2060"]

1.Nf3 d5 2.c4 Nf6 3.cxd5 Nxd5 4.d4 e6 5.e4 Bb4+ 6.Bd2 Bxd2+ 7.Qxd2 Nf6 8.Nc3 O-O
9.Bd3 b6 10.e5 Nd5 11.Nxd5 exd5 12.Qc2 h6 13.Rc1 c6 14.O-O a5 15.Rfe1 Ra7
16.g3 Ba6 17.Bh7+ Kh8 18.Bf5 Bc8 19.Bxc8 Qxc8 20.Nh4 Kg8 21.f4 Qg4 22.Kg2 g5
23.Nf5 Qh5 24.fxg5 Qxg5 25.h4 Qh5 26.Rf1 Qg6 27.Rf4 h5 28.Qe2 Kh7 29.Nd6 f5
30.Qf3 Rg7 31.Rxf5 Rxf5 32.Qxf5 Qxf5 33.Nxf5 Rg4 34.Re1 Kg6 35.e6 Re4 36.Rxe4 dxe4
37.Kf2 Na6 38.e7 Nc7 39.Nd6 e3+ 40.Ke2  1-0

[Event "Moscow ol (Men)"]
[Site "Moscow"]
[Date "1994.??.??"]
[Round "5"]
[White "Mohr, Georg"]
[Black "Tao, Trevor"]
[Result "1-0"]
[WhiteElo "2435"]
[BlackElo "2420"]

1.Nf3 d5 2.c4 dxc4 3.Na3 Nf6 4.Nxc4 c5 5.g3 b6 6.Bg2 Bb7 7.O-O e6 8.b3 Be7
9.Bb2 O-O 10.Qc2 Nbd7 11.Rac1 Rc8 12.Qb1 Rc7 13.d3 Qa8 14.Qa1 Rd8 15.Rfd1 Rcc8
16.a3 Bf8 17.Qb1 Nd5 18.e4 Nc7 19.h4 Re8 20.Qc2 f6 21.Ne3 Nb8 22.h5 Be7 23.Bh3 Rcd8
24.Ng4 Rf8 25.b4 Nd7 26.Nh4 Rf7 27.Qb3 f5 28.exf5 Bd5 29.Qc3 Nb5 30.Qd2 exf5
31.Nxf5 Rxf5 32.Nh6+ gxh6 33.Bxf5 Bg5 34.f4 Bf6 35.Bxd7 Bxb2 36.Bxb5 Bd4+
37.Kh2 a6 38.Bc4 Bxc4 39.dxc4 Bg1+ 40.Kxg1 Rxd2 41.Rxd2 Qf3 42.Re1 Kf7 43.Kh2 Qxh5+
44.Kg2 Qg4 45.bxc5 bxc5 46.Re5 h5 47.Rg5 Qe6 48.Rxh5 Qxc4 49.Rxh7+ Kg6 50.Re7 Kf6
51.Re3 a5 52.g4 Qc1 53.Rd6+ Kf7 54.Rd7+ Kf6 55.Red3  1-0

[Event "Moscow ol (Women)"]
[Site "Moscow"]
[Date "1994.??.??"]
[Round "6"]
[White "Petek Medic, Mirjana"]
[Black "Cosma, Elena Luminita"]
[Result "0-1"]
[WhiteElo "2320"]
[BlackElo "2320"]

1.Nf3 d5 2.c4 e6 3.g3 Nf6 4.Bg2 c5 5.O-O Nc6 6.b3 Be7 7.Bb2 O-O 8.d3 d4 9.a3 e5
10.b4 cxb4 11.axb4 Bxb4 12.Nbd2 a5 13.Ba3 Bxa3 14.Rxa3 Qe7 15.Ra1 Bd7 16.Ne1 Rfb8
17.Nc2 Ne8 18.f4 f6 19.fxe5 fxe5 20.Ne4 Nd6 21.Qd2 Nxe4 22.Bxe4 Rf8 23.Bf3 Bh3
24.Rfb1 Rad8 25.Rb5 Rd6 26.Rab1 Bc8 27.Ne1 Qf6 28.Rd5 Re6 29.Kh1 Kh8 30.Nc2 Qf7
31.Rdb5 Rf6 32.Ne1 h6 33.Ng2 g5 34.h4 Qg7 35.Kh2 Rg8 36.h5 Rgf8 37.Bxc6 Rxc6
38.Qxa5 Qd7 39.Rxe5 Qh3+ 40.Kg1 Qxg3 41.Re4 Qf2+ 42.Kh2 Qf7 43.Qe5+ Kg8 44.Qxd4 Qxh5+
45.Kg1 Rcf6 46.Re7 b6 47.Qe4 Bf5 48.Qd5+ Kh8 49.Qd4 Kg8 50.Rxb6 Be6 51.Rb1 Qxe2
52.Re1 Rf1+ 53.Rxf1 Rxf1+ 54.Kh2 Qh5+ 55.Nh4 Qe2+ 56.Ng2 Qh5+ 57.Nh4 Bf7  0-1

[Event "Moscow ol (Men)"]
[Site "Moscow"]
[Date "1994.??.??"]
[Round "7"]
[White "Antunes, Antonio"]
[Black "Dao Thien Hai"]
[Result "1/2-1/2"]
[WhiteElo "2510"]
[BlackElo "2475"]

1.Nf3 d5 2.c4 d4 3.g3 c5 4.Bg2 Nc6 5.O-O e5 6.d3 Nf6 7.Na3 Be7 8.Nc2 O-O
9.e4 dxe3 10.Nxe3 h6 11.b3 Bd6 12.Bb2 Be6 13.Re1 Qd7 14.Qd2 Rfe8 15.Rad1 Rad8
16.Qc1 b6 17.Bc3 Bh3 18.Bh1 Nd4 19.Qb2 Nh7 20.a3 f5 21.Nd5 Bg4 22.Bxd4 exd4
23.Rb1 f4 24.Qd2 Bxf3 25.Bxf3 Ng5 26.Bg2 f3 27.Bf1 Nh3+ 28.Kh1 Qg4 29.Rxe8+ Rxe8
30.Re1 Rxe1 31.Qxe1 Kf7 32.b4 Qf5 33.b5 Qg4 34.a4 Qf5 35.Qd2 Qe6 36.a5 bxa5
37.Qxa5 Kg8 38.Qd8+ Kh7 39.Qh4 Nxf2+ 40.Kg1 Ng4 41.Qh5 Kh8 42.h3 Ne3 43.Qxf3 Nxf1
44.Qxf1 Bxg3 45.Qf8+ Kh7 46.Ne7 Bd6 47.Qf5+ Qxf5 48.Nxf5 Bf8 49.Nh4 g5 50.Nf3 Bd6
51.Nd2 Kg6 52.Ne4 Bf8 53.Kg2 h5 54.Kf3 Be7 55.Ng3 Bd6 56.Ne4 Bf8 57.Ng3 Be7
58.Ne4 Bf8 59.Ng3 Bd6 60.Ne4 Be7  1/2-1/2

[Event "Moscow ol (Women)"]
[Site "Moscow"]
[Date "1994.??.??"]
[Round "7"]
[White "Petek Medic, Mirjana"]
[Black "Lematschko, Tatjana"]
[Result "1/2-1/2"]
[WhiteElo "2320"]
[BlackElo "2310"]

1.Nf3 d5 2.c4 e6 3.g3 c6 4.Qc2 Nf6 5.Bg2 Be7 6.O-O O-O 7.d3 Nbd7 8.a3 b6
9.b4 c5 10.b5 a6 11.bxa6 Rxa6 12.Nc3 Bb7 13.Bb2 Ne8 14.Nd2 Qc8 15.e4 Nc7
16.Ne2 Bf6 17.f4 Bxb2 18.Qxb2 dxc4 19.dxc4 Rd8 20.Nc3 Nf6 21.Rfe1 h6 22.Bf1 Bc6
23.Ra2 Nce8 24.e5 Nd7 25.Ndb1 Nf8 26.Qf2 Ng6 27.Rd2 Rxd2 28.Qxd2 Ra7 29.Qb2 Qd8
30.Rd1 Rd7 31.Rxd7 Qxd7 32.Qd2 f6 33.Qxd7 Bxd7 34.exf6 gxf6 35.Nb5 e5 36.fxe5 Nxe5
37.Be2 Kf8 38.Kf2 Be6 39.Nd2 Ke7 40.h4 f5 41.Ke3 Nf6 42.Nc7 Ne8 43.Nxe8 Kxe8
44.Kf4 Ng6+ 45.Ke3 Ke7 46.Nf3 Kf6 47.Bd3 Bd7 48.Be2 Bc6 49.Nd2 f4+ 50.gxf4 Nxh4
51.Kf2 Nf5 52.Bf3 Be8 53.Ne4+ Ke7 54.Nc3 Bf7 55.Na4 Bxc4 56.Nxb6 Bb3 57.Nd5+ Kd6
58.Nc3 c4 59.Ne4+ Ke7 60.Bg4 Ng7 61.Ke3 c3 62.Nxc3 h5 63.Bh3 Ne8 64.f5 Kd6
65.Kf4 Bf7 66.Ne4+ Kc6 67.Ke5 h4 68.Bf1 Bb3 69.f6 Kb6 70.Bh3 Ka5 71.Nc3 Kb6
72.Bf1 Bf7 73.Kf5 Kc5 74.Ke5 Kb6 75.Bg2 Bb3 76.Ne4 Ka5 77.Nc5 Bf7 78.Bf1 Bh5
79.Ke6 Bg4+ 80.Ke7 Nxf6  1/2-1/2

[Event "Moscow ol (Men)"]
[Site "Moscow"]
[Date "1994.??.??"]
[Round "10"]
[White "Mohr, Georg"]
[Black "Arencibia, Walter"]
[Result "1/2-1/2"]
[WhiteElo "2435"]
[BlackElo "2480"]

1.Nf3 d5 2.c4 d4 3.g3 g6 4.Bg2 Bg7 5.O-O e5 6.d3 Ne7 7.Na3 O-O 8.Nc2 a5 9.b3 Na6
10.Rb1 Rb8 11.e3 dxe3 12.Nxe3 Nb4 13.Ba3 Re8 14.Qd2 Nec6 15.Rbd1 Bh6 16.Bxb4 axb4
17.Rfe1 Ra8 18.Qb2 Bg7 19.Qd2 h6 20.Nd5 Qd6 21.d4 Bg4 22.dxe5 Nxe5 23.c5 Qxc5
24.Rc1 Nxf3+ 25.Bxf3 Rxe1+ 26.Qxe1 Qd6 27.Ne7+ Kh7 28.Bxg4 Re8 29.Rc2 f5
30.Bf3 Bc3 31.Qb1 Rxe7 32.Re2 Rd7 33.Bxb7 c6 34.Ba6 f4 35.Bc8 Rd8 36.Bg4 h5
37.Bf3 Qf6 38.Kg2 Rf8 39.Re4 fxg3  1/2-1/2

[Event "Moscow ol (Women)"]
[Site "Moscow"]
[Date "1994.??.??"]
[Round "11"]
[White "Polgar, Zsuzsa"]
[Black "Cosma, Elena Luminita"]
[Result "1-0"]
[WhiteElo "2550"]
[BlackElo "2320"]

1.Nf3 d5 2.c4 e6 3.d4 c6 4.Qc2 Nf6 5.g3 dxc4 6.Qxc4 b5 7.Qc2 Bb7 8.Bg2 Nbd7
9.Nc3 a6 10.Ne5 Nxe5 11.dxe5 Nd7 12.Bf4 Be7 13.O-O Qb6 14.Rfd1 c5 15.Ne4 Bxe4
16.Qxe4 Ra7 17.a4 b4 18.Rd2 O-O 19.Rad1 Nb8 20.Be3 Rc7 21.b3 Qa5 22.Qc4 Rfc8
23.h4 Nc6 24.Bxc6 Rxc6 25.Rd7 R6c7 26.Bg5 Bxg5 27.hxg5 g6 28.Rd8+  1-0

[Event "Moscow ol (Men)"]
[Site "Moscow"]
[Date "1994.??.??"]
[Round "12"]
[White "Illescas Cordoba, Miguel"]
[Black "Jussupow, Artur"]
[Result "1/2-1/2"]
[WhiteElo "2590"]
[BlackElo "2655"]

1.Nf3 d5 2.c4 e6 3.d4 Nf6 4.g3 Bb4+ 5.Bd2 Be7 6.Bg2 O-O 7.O-O Nbd7 8.Qc2 c6
9.Bf4 b6 10.cxd5 cxd5 11.Bc7 Qe8 12.Rc1 Bb7 13.Nc3 Rc8 14.Nb5 Nc5 15.a4 Na6
16.Qb3 Nxc7 17.Nxc7 Qd8 18.Nb5 a6 19.Nc3 Nd7 20.e3  1/2-1/2

[Event "Moscow ol (Women)"]
[Site "Moscow"]
[Date "1994.??.??"]
[Round "13"]
[White "Borisova, Borislava"]
[Black "Flear, Christine"]
[Result "1/2-1/2"]
[WhiteElo "2155"]
[BlackElo "2175"]

1.Nf3 d5 2.c4 d4 3.b4 f6 4.Bb2 e5 5.e3 dxe3 6.fxe3 Bxb4 7.Qa4+ Nc6 8.a3 Be7
9.d4 exd4 10.exd4 Bd7 11.Qb3 Nh6 12.c5 Na5 13.Qc3 c6 14.Bd3 Be6 15.Nbd2 O-O
16.O-O b6 17.Rae1 Bf5 18.Bxf5 Nxf5 19.Nb3 Rf7 20.cxb6 Nxb3 21.Qxb3 Qd5 22.Qxd5 cxd5
23.Re6 axb6 24.Rxb6 Ne3 25.Rc1 Nc4 26.Rb5 Nxb2 27.Rxb2 Bxa3 28.Ra1 Bxb2 29.Rxa8+ Rf8
30.Ra5 Rd8 31.Rb5 Ba3 32.Ne1 Rd7 33.Nd3 g5 34.Kf2 Kf7 35.Kf3 h5 36.h3 Ke6
37.Rb6+ Kf7 38.Rb5 h4 39.g3 hxg3 40.Kxg3 Bd6+ 41.Kg4 Rc7 42.Kf5 Rc3 43.Rxd5 Rxd3
44.Rxd6 Rf3+ 45.Kg4 Rf4+ 46.Kg3 Ke7 47.Rd5 Ke6 48.Rd8 Kf5 49.Rd5+ Ke4 50.Rd6 Ke3
51.Re6+ Kxd4 52.h4 Rxh4 53.Rxf6 Ke5 54.Rf8 Rh1 55.Kg4 Rg1+ 56.Kh3 Ke4 57.Re8+ Kf5
58.Rf8+ Kg6 59.Rg8+ Kf7 60.Ra8 Re1 61.Kg4 Rg1+ 62.Kh3  1/2-1/2

[Event "Moscow ol (Men)"]
[Site "Moscow"]
[Date "1994.??.??"]
[Round "13"]
[White "Sturua, Zurab"]
[Black "Magem Badals, Jorge"]
[Result "1/2-1/2"]
[WhiteElo "2535"]
[BlackElo "2520"]

1.Nf3 d5 2.c4 dxc4 3.e3 Nf6 4.Bxc4 e6 5.O-O c5 6.d4 a6 7.Bd3 Nbd7 8.Qe2 b6
9.Nc3 Bb7 10.Rd1 Bd6 11.dxc5 Bxc5 12.b3 O-O 13.Bb2 Qb8 14.h3 Rd8 15.Rac1 Be7
16.Bb1 b5 17.Rd4 Nf8 18.Rcd1 Qc7 19.a4 Rxd4 20.Rxd4 bxa4 21.Nxa4 Bd5 22.b4 Qb7
23.Nc5 Bxc5 24.bxc5 Rb8 25.Rd2 Qb4 26.Bd3 Qxc5 27.Bxf6  1/2-1/2

[Event "Moscow ol (Women)"]
[Site "Moscow"]
[Date "1994.??.??"]
[Round "14"]
[White "Voronova, Tatiana"]
[Black "Stasiunaite, Lina"]
[Result "1-0"]
[WhiteElo "2230"]
[BlackElo "2150"]

1.Nf3 d5 2.c4 d4 3.g3 Nc6 4.Bg2 e5 5.d3 g6 6.O-O Bg7 7.Na3 f5 8.Nc2 a5 9.e3 dxe3
10.Bxe3 Nge7 11.d4 O-O 12.dxe5 Nxe5 13.Nxe5 Bxe5 14.Qxd8 Rxd8 15.Bg5 Re8
16.Rfe1 Bd6 17.Rad1 Kf7 18.b3 Rb8 19.Re2 Be6 20.Nd4 Bd7 21.h4 a4 22.Bc1 axb3
23.axb3 b5 24.Nf3 bxc4 25.bxc4 Ba4 26.Rde1 Bb4 27.Ng5+ Kg8 28.Bd2 Bxd2 29.Rxd2 h6
30.Ne6 Nc8 31.Ra1 Nb6 32.Nxc7 Re5 33.Rb2 Be8 34.Rab1  1-0

[Event "New York MCC"]
[Site "New York"]
[Date "1994.??.??"]
[Round "1"]
[White "Fedorowicz, John P"]
[Black "Waitzkin, Joshua"]
[Result "1/2-1/2"]
[WhiteElo "2520"]
[BlackElo "2430"]

1.Nf3 d5 2.c4 dxc4 3.Na3 a6 4.Nxc4 b5 5.Ne3 Bb7 6.a4 Nd7 7.Nc2 e5 8.axb5 axb5
9.Rxa8 Qxa8 10.e3 Qa4 11.Be2 Ngf6 12.O-O Bd5 13.Na3 Bb3 14.Qe1 c6 15.d4 e4
16.Nd2 Bb4 17.f3 O-O 18.Qh4 Bxd2 19.Bxd2 Bd5 20.Bd1 Qa7 21.f4 Rb8 22.Bb4 Bc4
23.Re1 Nd5 24.Bd6 Re8 25.Qg3 Qa5 26.f5 Bd3 27.Bb3 Qd2 28.Qf2 Qxf2+ 29.Kxf2 N7b6
30.Rc1 Rc8 31.g4 g6 32.fxg6 fxg6 33.Nb1 Kg7 34.Nd2 Kf6 35.Bc5 Kg5 36.Kg3 Nc4
37.Bxc4 bxc4 38.h4+ Kf6 39.Kf2 Rb8 40.Ba3 c3 41.bxc3 Ra8 42.c4 Rxa3 43.cxd5 cxd5
44.Rc6+ Ke7 45.Rc7+ Kd6  1/2-1/2

[Event "New York Murphy-ACF"]
[Site "New York"]
[Date "1994.??.??"]
[Round "4"]
[White "Solomons, Deon"]
[Black "Waitzkin, Joshua"]
[Result "1/2-1/2"]
[WhiteElo "2275"]
[BlackElo "2430"]

1.Nf3 d5 2.c4 dxc4 3.g3 c6 4.Bg2 Nd7 5.O-O e6 6.Qc2 Nb6 7.Na3 Qd5 8.b3 cxb3
9.axb3 Nf6 10.Bb2 Be7 11.Ra2 O-O 12.Ne5 Qd8 13.e4 Bd7 14.d4 Rc8 15.Nac4 a6
16.Bc3 Na8 17.Rd1 Qc7 18.Nd3 Qb8 19.Nc5 Be8 20.Bd2 Qa7 21.Bf4 Rd8 22.b4 Kh8
23.h3 Nh5 24.Be3 Qb8 25.e5 g6 26.g4 Ng7 27.Nd6 Rxd6 28.exd6 Bxd6 29.Bh6 Nc7
30.Qd2 Nd5 31.Bxd5 cxd5 32.Qg5 f6 33.Bxg7+ Kxg7 34.Nxe6+ Kg8 35.Qd2 Rf7 36.Re1 Bb5
37.Ra3 Qc8 38.Rc3 Bc4 39.Rce3 Bb5 40.Rc3 Qd7 41.Nc5 Qd8 42.Qc1 Bc4 43.Rce3 Bb5
44.Rc3 Bc4  1/2-1/2

[Event "New York op"]
[Site "New York"]
[Date "1994.??.??"]
[Round "7"]
[White "Zlotnikov, Mikhail"]
[Black "Meier, T."]
[Result "1/2-1/2"]
[WhiteElo "2435"]
[BlackElo "2260"]

1.Nf3 d5 2.c4 c6 3.b3 Nf6 4.Bb2 Bf5 5.g3 Nbd7 6.Bg2 h6 7.O-O e6 8.d3 Be7
9.Nbd2 O-O 10.a3 Qb8 11.Rc1 a5 12.Nd4 Bg4 13.cxd5 cxd5 14.N2f3 Rc8 15.Rxc8+ Qxc8
16.Qd2 Qf8 17.Ra1 Bc5 18.Nc2 Qd6 19.b4 axb4 20.axb4 Rxa1+ 21.Bxa1 Bb6 22.Qc3 Qc7
23.Kf1 Qxc3 24.Bxc3 Ne8 25.Ne5 Nxe5 26.Bxe5 Bc7 27.Bb2 Nd6 28.Na3 Bf5 29.Bd4 Kf8
30.Ke1 f6 31.f4 Ke7 32.Kd2 Bg6 33.Bf2 Be8 34.Bf3  1/2-1/2

[Event "Niksic"]
[Site "Niksic"]
[Date "1994.??.??"]
[Round "?"]
[White "Pajkovic, Vladimir"]
[Black "Ivanovic, Bozidar"]
[Result "1/2-1/2"]
[WhiteElo "2430"]
[BlackElo "2470"]

1.Nf3 d5 2.c4 c6 3.cxd5 cxd5 4.d4 Nf6 5.Nc3 Nc6 6.Bf4 Bf5 7.e3 e6 8.Bb5 Nd7
9.Qa4 Qb6 10.O-O Be7 11.e4 Bxe4 12.Nxe4 dxe4 13.Nd2 O-O 14.Be3 a6 15.Bxc6 Qxc6
16.Qxc6 bxc6 17.Nxe4 Rab8 18.Rfc1 f5 19.Bg5 Kf7 20.Bxe7 Kxe7 21.Ng5 h6  1/2-1/2

[Event "Niksic"]
[Site "Niksic"]
[Date "1994.??.??"]
[Round "?"]
[White "Pajkovic, Vladimir"]
[Black "Stefanova, Antoaneta"]
[Result "1/2-1/2"]
[WhiteElo "2430"]
[BlackElo "2140"]

1.Nf3 d5 2.c4 c6 3.cxd5 cxd5 4.d4 Nf6 5.Nc3 Nc6 6.Bf4 a6 7.e3 Bf5 8.Ne5 Rc8
9.Qb3 Qa5 10.Bd3 Bxd3 11.Nxd3 b5 12.O-O e6 13.Rac1 Be7 14.Rc2 O-O 15.Rfc1 Na7
16.a4 Nd7 17.axb5 axb5 18.Qa2 Qxa2 19.Nxa2 Rxc2 20.Rxc2 Rc8 21.Rxc8+ Nxc8
22.Kf1 Kf8 23.Ke2 Ke8 24.Bc7 Bd6 25.Ba5 Na7 26.Nc3 Ke7 27.g3 Nc6 28.b4 Na7
29.Nc5 Ke8 30.Kd2 Nb8 31.Nb7 Be7 32.Kc2 Nbc6 33.Kb3 Nxa5+ 34.bxa5 Kd7 35.Nc5+ Kc6
36.Nd3 Kb7 37.Nb4 Bd8 38.a6+ Kb6 39.e4 dxe4 40.d5 exd5 41.Nbxd5+ Kxa6 42.Nxe4 Nc8
43.Nc5+ Ka7 44.Kb4 Nd6 45.Nc3 Kb6 46.Nd7+ Kc7 47.Ne5 Kb6 48.Nd7+ Kc7 49.Ne5 f6
50.Nf3 Kd7 51.Nd4 Be7 52.Kb3 b4  1/2-1/2